| 000 -LEADER |
| fixed length control field |
01359pab a2200193 454500 |
| 008 - FIXED-LENGTH DATA ELEMENTS--GENERAL INFORMATION |
| fixed length control field |
180718b2002 xxu||||| |||| 00| 0 eng d |
| 100 ## - MAIN ENTRY--PERSONAL NAME |
| Personal name |
Milest-Ferretti, Gian Maria |
| 245 ## - TITLE STATEMENT |
| Title |
Electoral systems and public spending |
| 260 ## - PUBLICATION, DISTRIBUTION, ETC. |
| Date of publication, distribution, etc. |
2002 |
| 300 ## - PHYSICAL DESCRIPTION |
| Extent |
p.609-55. |
| 362 ## - DATES OF PUBLICATION AND/OR SEQUENTIAL DESIGNATION |
| Dates of publication and/or sequential designation |
May |
| 520 ## - SUMMARY, ETC. |
| Summary, etc. |
We study the effects of electoral institutions on the size and composition of public expenditure in OECD and Latin American countries. We emphasize the distinction between purchases of goods and services, which are easier to target geographically, and transfers, which are easier to target across social groups. We present a theoretical model in which voters anticipating government policymaking under different electoral systems have an incentive to elect representatives more prone to transfer (public good) spending in proportional (majoritarian) systems. The model also predicts higher total primary spending in proportional (majoritarian) systems when the share of transfer spending is high (low). After defining rigorous measures of proportionality to be used in the empirical investigation, we find considerable support for our predictions. - Reproduced. |
| 650 ## - SUBJECT ADDED ENTRY--TOPICAL TERM |
| Topical term or geographic name entry element |
public expenditure |
| 650 ## - SUBJECT ADDED ENTRY--TOPICAL TERM |
| Topical term or geographic name entry element |
Electoral systems |
| 700 ## - ADDED ENTRY--PERSONAL NAME |
| Personal name |
Rostagno, Massimo |
| 700 ## - ADDED ENTRY--PERSONAL NAME |
| Personal name |
Perotti, Roberto |
| 773 ## - HOST ITEM ENTRY |
| Main entry heading |
Quarterly Journal of Economics |
| 909 ## - |
| -- |
52360 |